000
00222nam a2200097Ia 4500
005
20251222153556.0
008
251222s9999||||xx |||||||||||||| ||spa||
082
_a
REF.035/E55
245
0
_a
Enciclopedia Einaudi
942
_c
LIB
999
_c
31023
_d
31023